<?xml version="1.0" encoding="UTF-8"?>
<record
    xmlns:xsi="http://www.w3.org/2001/XMLSchema-instance"
    xsi:schemaLocation="http://www.loc.gov/MARC21/slim http://www.loc.gov/standards/marcxml/schema/MARC21slim.xsd"
    xmlns="http://www.loc.gov/MARC21/slim">

  <leader>00717nam a22001337a 4500</leader>
  <datafield tag="040" ind1=" " ind2=" ">
    <subfield code="c">RUA</subfield>
  </datafield>
  <datafield tag="082" ind1=" " ind2=" ">
    <subfield code="a">AGE SEN 2022 B1-462 Or.</subfield>
  </datafield>
  <datafield tag="100" ind1=" " ind2=" ">
    <subfield code="a">SENG CHHIM,&#x179F;&#x17C1;&#x1784; &#x1788;&#x17B8;&#x1798;</subfield>
  </datafield>
  <datafield tag="245" ind1=" " ind2=" ">
    <subfield code="a">MODIFICATION AND TESTING OF ONE-ROW POWER TILLER-BASED VEGETABLE TRANSPLANTER  IN CUCUMBER PRODUCTION,&#x1780;&#x17B6;&#x179A;&#x1780;&#x17C2;&#x179F;&#x1798;&#x17D2;&#x179A;&#x17BD;&#x179B; &#x1793;&#x17B7;&#x1784;&#x1792;&#x17D2;&#x179C;&#x17BE;&#x178F;&#x17C1;&#x179F;&#x17D2;&#x178F;&#x17A7;&#x1794;&#x1780;&#x179A;&#x178E;&#x17D0;&#x179F;&#x17D2;&#x1791;&#x17BC;&#x1784;&#x1794;&#x1793;&#x17D2;&#x179B;&#x17C2;&#x1794;&#x17C6;&#x1796;&#x17B6;&#x1780;&#x17CB;&#x1787;&#x17B6;&#x1798;&#x17BD;&#x1799;&#x1782;&#x17C4;&#x1799;&#x1793;&#x17D2;&#x178F;&#x1780;&#x17D2;&#x1793;&#x17BB;&#x1784;&#x1795;&#x179B;&#x17B7;&#x178F;&#x1780;&#x1798;&#x17D2;&#x1798;&#x178A;&#x17C6;&#x178E;&#x17B6;&#x17C6;&#x178F;&#x17D2;&#x179A;&#x179F;&#x1780;&#x17CB;</subfield>
  </datafield>
  <datafield tag="260" ind1=" " ind2=" ">
    <subfield code="a">phnom penh</subfield>
    <subfield code="b">rua</subfield>
    <subfield code="c">2022</subfield>
  </datafield>
  <datafield tag="300" ind1=" " ind2=" ">
    <subfield code="a">xii.47p.</subfield>
    <subfield code="b">ill.</subfield>
    <subfield code="c">29cm.</subfield>
  </datafield>
  <datafield tag="856" ind1=" " ind2=" ">
    <subfield code="u">https://drive.google.com/file/d/1WGwIYg7DifjcqHLUuOmR1RfZl3WhrwRb/view?usp=sharing</subfield>
  </datafield>
  <datafield tag="942" ind1=" " ind2=" ">
    <subfield code="c">AGE</subfield>
  </datafield>
  <datafield tag="999" ind1=" " ind2=" ">
    <subfield code="c">23400</subfield>
    <subfield code="d">23400</subfield>
  </datafield>
  <datafield tag="952" ind1=" " ind2=" ">
    <subfield code="0">0</subfield>
    <subfield code="1">0</subfield>
    <subfield code="4">0</subfield>
    <subfield code="6">AGE_SEN_2022_000000000000000_B1462_OR</subfield>
    <subfield code="7">0</subfield>
    <subfield code="9">100327</subfield>
    <subfield code="a">LBB</subfield>
    <subfield code="b">LBB</subfield>
    <subfield code="c">B1.462</subfield>
    <subfield code="d">2024-07-30</subfield>
    <subfield code="o">AGE SEN 2022 B1-462 Or.</subfield>
    <subfield code="p">a076025</subfield>
    <subfield code="r">2024-07-30</subfield>
    <subfield code="y">AGE</subfield>
  </datafield>
  <datafield tag="952" ind1=" " ind2=" ">
    <subfield code="0">0</subfield>
    <subfield code="1">0</subfield>
    <subfield code="4">0</subfield>
    <subfield code="6">AGE_SEN_2022_000000000000000_B1462_OR</subfield>
    <subfield code="7">0</subfield>
    <subfield code="9">100328</subfield>
    <subfield code="a">LBB</subfield>
    <subfield code="b">LBB</subfield>
    <subfield code="c">B1.462</subfield>
    <subfield code="d">2024-07-30</subfield>
    <subfield code="o">AGE SEN 2022 B1-462 Or.</subfield>
    <subfield code="p">a076182</subfield>
    <subfield code="r">2024-07-30</subfield>
    <subfield code="y">AGE</subfield>
  </datafield>
  <datafield tag="952" ind1=" " ind2=" ">
    <subfield code="0">0</subfield>
    <subfield code="1">0</subfield>
    <subfield code="4">0</subfield>
    <subfield code="6">AGE_SEN_2022_000000000000000_B1462_OR</subfield>
    <subfield code="7">0</subfield>
    <subfield code="9">100329</subfield>
    <subfield code="a">LBB</subfield>
    <subfield code="b">LBB</subfield>
    <subfield code="c">B1.462</subfield>
    <subfield code="d">2024-07-30</subfield>
    <subfield code="o">AGE SEN 2022 B1-462 Or.</subfield>
    <subfield code="p">a076843</subfield>
    <subfield code="r">2024-07-30</subfield>
    <subfield code="y">AGE</subfield>
  </datafield>
  <datafield tag="952" ind1=" " ind2=" ">
    <subfield code="0">0</subfield>
    <subfield code="1">0</subfield>
    <subfield code="4">0</subfield>
    <subfield code="6">AGE_SEN_2022_000000000000000_B1462_OR</subfield>
    <subfield code="7">0</subfield>
    <subfield code="9">100330</subfield>
    <subfield code="a">LBB</subfield>
    <subfield code="b">LBB</subfield>
    <subfield code="c">B1.462</subfield>
    <subfield code="d">2024-07-30</subfield>
    <subfield code="o">AGE SEN 2022 B1-462 Or.</subfield>
    <subfield code="p">a076427</subfield>
    <subfield code="r">2024-07-30</subfield>
    <subfield code="y">AGE</subfield>
  </datafield>
</record>
